The Clone Wars Wild Space (Record no. 573879)

MARC details
000 -LEADER
fixed length control field 00460nam a22001817a 4500
008 - FIXED-LENGTH DATA ELEMENTS--GENERAL INFORMATION
fixed length control field 250625b |||||||| |||| 00| 0 eng d
020 ## - INTERNATIONAL STANDARD BOOK NUMBER
ISBN 9780099533184
Paper back/Hardbound pbk
041 ## - LANGUAGE CODE
Language code of text/sound track or separate title eng
082 ## - DEWEY DECIMAL CLASSIFICATION NUMBER
Classification number 823.92 MIL
100 ## - MAIN ENTRY--AUTHOR NAME
Personal name Miller Karen
245 ## - TITLE STATEMENT
Title The Clone Wars Wild Space
Statement of responsibility, etc / Karen Miller
250 ## - EDITION STATEMENT
Edition statement 1st ed
260 ## - PUBLICATION, DISTRIBUTION, ETC. (IMPRINT)
Place of publication London
Name of publisher Arrow books
Year of publication 2008
300 ## - PHYSICAL DESCRIPTION
Number of Pages 341p. :
Dimensions 20cm.
650 ## - SUBJECT ADDED ENTRY--TOPICAL TERM
Topical Term English fiction
942 ## - ADDED ENTRY ELEMENTS (KOHA)
Koha item type English Books

No items available.

Find us on the map